Second thoughts on the Dead Sea scrolls. (Record no. 2491)

000 -LEADER
fixed length control field 00557nam a2200181 a 4500
001 - CONTROL NUMBER
control field :::00000216$&:&@@
003 - CONTROL NUMBER IDENTIFIER
control field OkBaRHE
005 - DATE AND TIME OF LATEST TRANSACTION
control field 20000607103237.0
008 - FIXED-LENGTH DATA ELEMENTS--GENERAL INFORMATION
fixed length control field s1980 j 000 0 eng u
040 ## - CATALOGING SOURCE
Transcribing agency
100 1# - MAIN ENTRY--PERSONAL NAME
Personal name Bruce, F. F. (Frederick Fyvie), 1910-
245 10 - TITLE STATEMENT
Title Second thoughts on the Dead Sea scrolls.
260 ## - PUBLICATION, DISTRIBUTION, ETC. (IMPRINT)
Place of publication, distribution, etc Grand Rapids, MI., :
Name of publisher, distributor, etc Eerdmans
Date of publication, distribution, etc c1980
300 ## - PHYSICAL DESCRIPTION
Extent 160 p. ;
Dimensions 23 cm.
650 ## - SUBJECT ADDED ENTRY--TOPICAL TERM
Topical term or geographic name as entry element Dead Sea Scrolls
942 ## - ADDED ENTRY ELEMENTS (KOHA)
Source of classification or shelving scheme
Koha item type Books
Copies
Damaged status Withdrawn status Copy number Full call number Shelving location Date acquired Permanent Location Koha item type Price effective from Not for loan Barcode Date last seen Source of classification or shelving scheme Lost status
  1BM 487 .B7General Stacks2010-04-14RHEMA Bible Training CollegeBooks2010-04-14 2162010-04-14